Länder nach Duschgels #15 - Statistiken

Allgemein
  • Dieses Quiz wurde 18 mal gespielt
  • Das Durchschnittsergebnis liegt bei 6 aus 10
Antwortstatistiken
Bildquiz Antwort % Korrekt
Finnland
100%
Kanada
100%
Bahrain
71%
St. Vincent und die Grenadinen
59%
Suriname
53%
Zentralafrikanische Republik
53%
Komoren
47%
Mali
47%
Gabun
41%
Salomonen
35%
Keine übereinstimmenden Quizze gefunden
Verteilung der Resultate
Anzahl Personen mit jedem Resultat
Perzentil nach korrekt beantworteten Fragen
Ihre Resultats-Entwicklung
Sie haben dieses Quiz noch nicht gespielt